Learning web design : a beginner's guide to HTML, graphics and beyond
| Main Author: | |
|---|---|
| Format: | Book |
| Subjects: |
MARC
| LEADER | 00000cam a2200000 7i4500 | ||
|---|---|---|---|
| 001 | 0000009996 | ||
| 005 | 20050616.0 | ||
| 020 | |a 0596000367 | ||
| 040 | |a INS | ||
| 090 | 0 | 0 | |a TK5105.888. |b N489 2001 |
| 100 | 1 | |a Niederst, Jennifer | |
| 245 | 1 | 0 | |a Learning web design : |b a beginner's guide to HTML, graphics and beyond |c Jennifer Niederst |
| 300 | |a 410p. ; |c 24 cm. | ||
| 650 | 0 | 0 | |a Research and professional |
| 650 | 0 | 0 | |a Undergraduate |x Postgraduate |
| 999 | |a 0000009143 |b BOOK |c Open Shelf |e Default branch | ||